00606nam a22002057a 4500003000500000005001700005008004100022010001000063011001000073035001000083040000900093110003700102245005800139260006500197300003000262490003500292500001900327650001900346830003500365CHAP20220329141625.0971013s1973 r 00010 d a71211 a72183 a81737 cCHAP1 aE.U.A. Department of Agriculture1 aSelección de fertilizantes para prados y jardínes aMéxico, D. F. :bCentro Regional de Ayuda Técnica,c1973 aHoja desplegableb: ilus. aHome and garden bulletinv; 89 a3 c. en bodega14aFertilizantes.0 aHome and garden bulletinv; 89